000
00325nam a2200133Ia 4500
005
20251222155139.0
008
251222s9999||||xx |||||||||||||| ||spa||
082
_a
PED. 11.1/V.I/Ej.2
100
_a
CHOW, M.
245
0
_a
Manual Enfermería Pediátrica
250
_a
1ra. ed.
264
_b
Ciencia y técnicas
942
_c
LIB
999
_c
39113
_d
39113